000
00371nam a22001337a 4500
082
_a
346.052 MAL
100
_a
Malik, M.A.
245
_a
The Succession Act:
_b
With Commentary /
_c
M.A. Malik
260
_a
Lahore :
_b
P.L.D. Publishers,
_c
2016.
300
_a
232 p. ;
_c
24 cm.
942
_2
ddc
_c
BK
999
_c
586959
_d
586959